Govt. of
Madhya Pradesh

The Chola Tigers (Record no. 68683)

MARC details
000 -LEADER
fixed length control field 00238nam a22001097a 4500
082 ## - DEWEY DECIMAL CLASSIFICATION NUMBER
Classification number 823/AMI
100 ## - MAIN ENTRY--AUTHOR NAME
Personal name Amish
245 ## - TITLE STATEMENT
Title The Chola Tigers
Sub Title Avengers Of Somnath
260 ## - PUBLICATION, DISTRIBUTION, ETC. (IMPRINT)
Place of publication Haryana
Name of publisher Harper
Year of publication 2025
650 ## - SUBJECT ADDED ENTRY--TOPICAL TERM
Topical Term Fiction
942 ## - ADDED ENTRY ELEMENTS (KOHA)
Koha item type Books
Holdings
Withdrawn status Lost status Damaged status Not for loan Home library Current library Date acquired Cost, normal purchase price Full call number Accession Number Price effective from Koha item type
        MACL MACL 25/02/2026 499.00 823/AMI DPI004187 25/02/2026 Books